| 000 | 02185nam a22004333i 4500 | ||
|---|---|---|---|
| 001 | EBC6915592 | ||
| 003 | MiAaPQ | ||
| 005 | 20220528210728.0 | ||
| 007 | cr cnu|||||||| | ||
| 008 | 220527s2022 xx o ||||0 ger d | ||
| 020 |
_a9783835347632 _q(electronic bk.) |
||
| 020 | _z9783835350472 | ||
| 040 |
_aMiAaPQ _beng _cMiAaPQ |
||
| 100 | 1 |
_aCatalano, Gabriella. _96979 |
|
| 245 | 1 | 0 |
_aGoethe und die Kunstrestitutionen : _bueber Kunst und Alterthum in den Rhein und Mayn Gegenden : Ein Reisebericht und seine Folgen. _cGabriella Catalano |
| 264 | 1 |
_aGöttingen : _bWallstein Verlag, _c2022. |
|
| 264 | 4 | _c{copy}2022. | |
| 300 | _a1 online resource (224 pages) | ||
| 336 |
_aText _btxt _2rdacontent |
||
| 337 |
_aComputermedien _bc _2rdamedia |
||
| 338 |
_aOnline Resource _bcr _2rdacarrier |
||
| 490 |
_aÄsthetik um 1800 ; _vv.16 |
||
| 500 | _aE-Book-ProQuest / Fernzugriff nach Registrierung möglich | ||
| 505 | 0 | _aUmschlag -- Titel -- Inhalt -- Vorbemerkung. Ein »Geschäftlein« von Bedeutung -- Einführung. Wendejahre: 1815/1816 -- Kunsttopographie -- Rubens' Rückkehr -- Kulturräume als Ortsidentität -- Kunstverkehr und Kunstakteure -- Vera Icon -- Über ein Bild aus der Sammlung Boisserée -- Bildtransformationen -- Tafelteil -- Farbabbildungen -- Reinszenierung und Restaurierung -- Die Wiederkehr des Mittelalters -- Eine Handwerkskunst -- Ausstellen und Edieren -- Schluss -- Dank -- Siglenverzeichnis -- Literaturverzeichnis -- Abbildungsverzeichnis -- Impressum. | |
| 600 | 1 |
_aGoethe, Johann Wolfgang von _97020 |
|
| 630 |
_aÜber Kunst und Altertum _97021 |
||
| 650 | 4 |
_aReisebericht _92101 |
|
| 650 | 4 |
_aKunstraub _9813 |
|
| 650 | 4 |
_aKunst _9369 |
|
| 650 | 4 |
_aRückgabe _97022 |
|
| 651 | 4 |
_aFrankreich _91036 |
|
| 651 | 4 |
_aRhein-Main-Gebiet _97023 |
|
| 655 | 4 | _aElectronic books. | |
| 655 |
_aFernzugriff _9230 |
||
| 776 | 0 | 8 |
_iPrint version: _aCatalano, Gabriella _tGoethe und die Kunstrestitutionen _dGöttingen : Wallstein Verlag,c2022 _z9783835350472 |
| 830 | 0 |
_aÄsthetik um 1800 _96980 |
|
| 856 | 4 | 0 |
_uhttps://ebookcentral.proquest.com/lib/maxweberstiftung-ebooks/detail.action?docID=6915592 _zVolltext |
| 942 |
_cEB _2z |
||
| 999 |
_c60102 _d60102 |
||